Sentino - Zabójstwo Liryczne 3 - Statystyki

Ogólne statystyki
  • Ten quiz został rozwiązany 10 razy
    8 od ostatniego zresetowania
  • Średni wynik to 8 z 13
Statystyki odpowiedzi
ZABÓJSTWO LIRYCZNE 3 % Poprawnych
Pistolet
100%
Tabu
100%
Zapytaj O Mnie
100%
Tatuażyk
86%
Skąd Ty To Znasz
71%
Legenda
57%
Onassis
57%
Oni albo ja
57%
R.I.P.
57%
Czarna Chmura
43%
Il Duce
43%
Parę Kulek
43%
Fame
14%
Nie znaleziono quizów pasujących do podanych kryteriów
Rozkład punktacji
Procent ludzi z każdym wynikiem
Percentyl według liczby udzielonych odpowiedzi
Twoja historia wyników
Nie rozwiązałeś tego quizu od ostatniego zresetowania